Desarrollo de experimentos en el área del modelado experimental que sirvan de apoyo al curso IE-0409 análisis de sistemas

Gorde:
Xehetasun bibliografikoak
Egile nagusia: Willink Castro, Teodoro
Formatua: Liburua
Argitaratua: [San José, Costa Rica] 2007
Gaiak:
Etiketak: Etiketa erantsi
Etiketarik gabe, Izan zaitez lehena erregistro honi etiketa jartzen!

MARC

LEADER 00000nam a2200000Ia 4500
003 001215
005 20221231144056.0
008 140114s2007 cr a 000 ||s d
040 |c cru CEDI  
090 |a TFG 5737 
100 |a Willink Castro, Teodoro  |9 4172 
245 |a Desarrollo de experimentos en el área del modelado experimental que sirvan de apoyo al curso IE-0409 análisis de sistemas  
260 |c 2007  |b [San José, Costa Rica] 
300 |a 115 hojas; ilustraciones a color 
500 |a Proyecto de graduación (bachillerato en ingeniería eléctrica)--Universidad de Costa Rica. Facultad de Ingeniería. Escuela de Ingeniería Eléctrica 
650 |x ANALISIS DE SISTEMAS   |x  INGENIERÍA HIDRAÚLICA  |x  EQUIPO   |x EXPERIMENTOS   |9 4173 
942 |c TFG 
999 |c 16522  |d 16522